00925 2200325 4500001002100000005001500021035002000036007000300056008004100059040001700100100002000117245012500137250000900262300004000271504002900311020002200340041000800362082001200370084001800382090001800400260003000418650001200448700000900460850001000469990002400479990002400503990002400527990002400551990002400575INLIS00000000000269120260601080327 a0010-0620000064ta260601 g 0 ind  aSBPUPADbInd0 aYohanes Sunardi1 aSehat dengan Juce :bKhusus Untuk Penyakit Liver, Alergi, Kanker Payudara, dan Sembelit /cYohanes Sunardi; Editor: Maya aEd.1 axxii, 122 hlm. :bilus. ;c15x19 cm aBibliografi, hlm 117-118 a978-979-29-6558-20 aInd a641.302 a641.302 YOH s a641.302 YOH s aYogyakarta :bAndi,c2018 4aTerapan0 aMaya aPUPAD a33.110/DAK/DPK/2019 a33.111/DAK/DPK/2019 a33.112/DAK/DPK/2019 a33.113/DAK/DPK/2019 a33.110/DAK/DPK/2019